000 00326nam a22001457a 4500
008 230208b ||||| |||| 00| 0 eng d
020 _a9780470530672
041 _aeng
080 _2THIRD EDITION
_a51
082 _a51POW
100 _a20
101 _aMATEM
245 _aMANAGEMENT SCIENCE
_cPOWELL.G.S
942 _2udc
_cBK
999 _c59337
_d59337